| 000 | 00759nam a2200241Ia 4500 | ||
|---|---|---|---|
| 999 |
_c5693 _d5693 |
||
| 003 | OSt | ||
| 005 | 20200626181724.0 | ||
| 008 | 191128s1936 ck gr 000 0dspa d | ||
| 040 |
_aCO-JMCR _cCO-JMCR |
||
| 041 | 0 | _aspa | |
| 082 | 0 | 4 |
_a330.16 / _bH878b _223 |
| 100 | 1 |
_aHuberman, Leo, _eautor _96281 |
|
| 245 | 1 | 0 |
_aLos bienes terrenales del hombre : _bhistoria de la riqueza de las naciones / _cLeo Huberman |
| 260 |
_aBogotá : _bGenesis, _c1936. |
||
| 300 |
_aii, 315 páginas ; _c17 cm. |
||
| 504 | _aBibliografía: páginas 301-315. | ||
| 505 | 0 | _aDel feudalismo al capitalismo -- Del capitalismo a…? | |
| 650 | 1 | 4 |
_aRiqueza _96282 |
| 650 | 2 | 4 |
_aFeudalismo _94603 |
| 650 | 2 | 4 |
_aSocialismo _96283 |
| 650 | 2 | 4 |
_aCapitalismo _96284 |
| 942 |
_2ddc _cBK |
||